Kingdom of the Netherlands : Netherlands.

This 2018 Article IV Consultation highlights that the Netherland's economic recovery has taken hold. Real growth is forecast to reach 3.1 percent in 2018 owing to robust domestic demand. Private consumption has been supported by rising disposable income and positive wealth effects from increasi...

Fuld beskrivelse

Bibliografiske detaljer
Institution som forfatter: International Monetary Fund. European Dept
Format: Tidsskrift
Sprog:English
Udgivet: Washington, D.C. : International Monetary Fund, 2018.
Serier:IMF Staff Country Reports; Country Report ; No. 2018/130
Online adgang:Full text available on IMF
LEADER 01829cas a2200241 a 4500
001 AALejournalIMF018487
008 230101c9999 xx r poo 0 0eng d
020 |c 5.00 USD 
020 |z 9781484357804 
022 |a 1934-7685 
040 |a BD-DhAAL  |c BD-DhAAL 
110 2 |a International Monetary Fund.  |b European Dept. 
245 1 0 |a Kingdom of the Netherlands :   |b Netherlands. 
264 1 |a Washington, D.C. :  |b International Monetary Fund,  |c 2018. 
300 |a 1 online resource (59 pages) 
490 1 |a IMF Staff Country Reports 
500 |a <strong>Off-Campus Access:</strong> No User ID or Password Required 
500 |a <strong>On-Campus Access:</strong> No User ID or Password Required 
506 |a Electronic access restricted to authorized BRAC University faculty, staff and students 
520 3 |a This 2018 Article IV Consultation highlights that the Netherland's economic recovery has taken hold. Real growth is forecast to reach 3.1 percent in 2018 owing to robust domestic demand. Private consumption has been supported by rising disposable income and positive wealth effects from increasing housing prices. Net exports have proven resilient to global uncertainties, pushing up the already large current account surplus. Unemployment has continued to decline rapidly, although most of the jobs have been created under temporary contracts or self-employment status. The economy is expected to keep its momentum in the coming years. Domestic consumption and investment are forecast to remain the main drivers of growth, prompting a gradual decline of the current account surplus. 
538 |a Mode of access: Internet 
830 0 |a IMF Staff Country Reports; Country Report ;  |v No. 2018/130 
856 4 0 |z Full text available on IMF  |u http://elibrary.imf.org/view/journals/002/2018/130/002.2018.issue-130-en.xml  |z IMF e-Library